| 000 | 00524nmm a22001817a 4500 | ||
|---|---|---|---|
| 003 | OSt | ||
| 005 | 20240430111746.0 | ||
| 006 | eBook | ||
| 008 | 240430b |||||||| |||| 00| 0 eng d | ||
| 040 | _cMRSPTU | ||
| 100 | _aKhan, Zahid A | ||
| 245 | _aEngineering Economy | ||
| 250 | _a1st | ||
| 260 |
_aNew Delhi _bPearson _c2012 |
||
| 600 | _2Management | ||
| 856 |
_3Click here to access the e-book _uhttps://ebookcentral.proquest.com/lib/gzsptuc/detail.action?docID=5125118&query=Engineering+Economy |
||
| 942 |
_2ddc _cEB _n1 |
||
| 999 |
_c10171 _d10171 |
||